Sports Quiz

Random Sports Quiz

Játékoskeringő Quiz Stats

Quiz not verified by Sporcle

Challenge
Share
Tweet
Embed
Score 0/10 Timer 10:00
0 Plays Today
Hint Answer % Correct
honvéd, marcali, mtk, anglia, görögország, görögország, németország, németország, németország, honvéd, videoton, mtkTorghelle Sándor
95.8%
kispest, vasas, törökország, bulgária, törökország, ausztria, ausztria, újpest, debrecen, újpestKabát Péter
94.8%
haladás, ausztria, debrecen, anglia, anglia, haladásHalmosi Péter
93.8%
honvéd, franciaország, skócia, hollandia, spanyolország, hollandia, dánia, india, svájc, spanyolországVadócz Krisztián
77.1%
pápa, anglia, újpest, anglia, videoton, újpest, győr, diósgyőrLipták Zoltán
74%
eger, debrecen, németország, győr, diósgyőr, nyíregyháza, pécs, nyíregyháza, mezőkövesdBajzát Péter
69.8%
ferencváros, görögország, görögország, anglia, vasas, debrecen, olaszország, olaszország, olaszország, ferencváros, kecskemét, békéscsabaLaczkó Zsolt
65.6%
kaposvár, újpest, anglia, olaszország, kecskemét, mezőkövesd, kaposvár, kisvárdaRajczi Péter
50%
pécs, beremend, pécs, dunaújváros, németország, ciprus, ciprus, ferencváros, paks, kecskemét, zalaegerszeg, paksTököli Attila
50%
bkv, haladás, ferencváros, reac, debrecen, pécs, nyíregyházaPölöskei Péter
31.3%

You're not logged in!

Compare scores with friends on all Sporcle quizzes.
Join for Free
OR
Log In

You Might Also Like...

Show Comments

Extras

Created Jan 18, 2016ReportNominate

Top Quizzes Today


Score Distribution

Your Account Isn't Verified!

In order to create a playlist on Sporcle, you need to verify the email address you used during registration. Go to your Sporcle Settings to finish the process.

Report this User

Report this user for behavior that violates our Community Guidelines.

Details: